| 000 | 00446nam a22001337a 4500 | ||
|---|---|---|---|
| 020 | _a9789698344290 | ||
| 082 | _a363.325095491 POL | ||
| 245 |
_aPolicy Perspectives on Countering Violent Extremism in Pakistan / _cEdited By Muhammad Saleem Khilji |
||
| 260 |
_aIslamabad : _bSustainable Development Policy Institute, _c2021. |
||
| 300 |
_a132 p. ; _c24cm. |
||
| 942 |
_2ddc _cBK |
||
| 999 |
_c587459 _d587459 |
||